00750nam a2200241Ia 4500008004100000020001800041050001600059050001800075100002000093245001500113245003300128245001900161260001300180260002200193260000900215300001500224300002800239300001100267650005800278650003500336999001900371952011800390180523s9999 xx 000 0 und d a0-395-66791-7 aMAIN GT 518 b.V46 1993 c.1 aVentura, Piero. 0aClothing : 0bgarments, styles, and uses / 0cPiero Ventura. aBoston : bHoughton Mifflin, c1993 a64 pages : bcolored illustrations ; c29 cm. aClothing and dress -- History -- Juvenile literature. xClothing and dress -- History. c356709d356709 001040aSMCbSMCcMAINd2005-03-07l0oMAIN GT 518 .V46 1993 c.1pSMC01954r2018-05-23 00:00:00w2018-05-23yBK